अजब गुंतागुंत. (Record no. 266468)

MARC details
000 -LEADER
fixed length control field 00745nam a2200181Ia 4500
008 - FIXED-LENGTH DATA ELEMENTS--GENERAL INFORMATION
fixed length control field 090630s9999 xx 000 0 und d
082 ## - DEWEY DECIMAL CLASSIFICATION NUMBER
Item number 14612
100 ## - MAIN ENTRY--PERSONAL NAME
Personal name मॅसन पेरी अनु. गुजर अनिल.
245 ## - TITLE STATEMENT
Title अजब गुंतागुंत.
Statement of responsibility, etc मॅसन पेरी अनु. गुजर अनिल.
260 ## - PUBLICATION, DISTRIBUTION, ETC. (IMPRINT)
Name of publisher, distributor, etc निशिगंधा - पुणे.
Date of publication, distribution, etc 1995
300 ## - PHYSICAL DESCRIPTION
Extent 211
600 ## - SUBJECT ADDED ENTRY--PERSONAL NAME
Personal name मॅसन पेरी अनु. गुजर अनिल.
630 ## - SUBJECT ADDED ENTRY--UNIFORM TITLE
Uniform title अजब गुंतागुंत.
655 ## - INDEX TERM--GENRE/FORM
Genre/form data or focus term कादंबरी.
700 ## - ADDED ENTRY--PERSONAL NAME
Personal name मॅसन पेरी अनु. गुजर अनिल.
730 ## - ADDED ENTRY--UNIFORM TITLE
Uniform title अजब गुंतागुंत.
942 ## - ADDED ENTRY ELEMENTS (KOHA)
Koha item type Book
Holdings
Withdrawn status Lost status Damaged status Not for loan Home library Current library Date acquired Cost, normal purchase price Total Checkouts Full call number Barcode Date last seen Cost, replacement price Price effective from Koha item type
        Sarvajanik Wachanalaya Shrivardhan Sarvajanik Wachanalaya Shrivardhan   95.00   14612 SAWASHRI-14612 06/30/2009 95.00 06/30/2009 Book